Cuerpo y sangre de la política. La construcción histórica de las Visitadoras Sociales Chile, 1887-1940.

Guardat en:
Dades bibliogràfiques
Autor principal: Illanes Oliva, María Angélica (autor)
Format: Llibre
Publicat: Santiago, Chile: LOM Ediciones, 2006.
Edició:1ª ed.
Col·lecció:Colección Historia
Matèries:
Etiquetes: Afegir etiqueta
Sense etiquetes, Sigues el primer a etiquetar aquest registre!

MARC

LEADER 00000nam a2200000 a 4500
001 UCI0601
003 CL-VaPUC
005 20230110163304.0
008 230110t2006 ||||| |||| 00| 0 eng d
020 |a 956-282-832-8 
040 |c Pontificia Universidad Católica de Valparaíso 
082 0 4 |a 362.983 ILL 2006  |2 21 
100 |a Illanes Oliva, María Angélica  |e autor  |9 578151 
245 1 0 |a Cuerpo y sangre de la política.  |b La construcción histórica de las Visitadoras Sociales Chile, 1887-1940. 
250 |a 1ª ed. 
260 |a Santiago, Chile:  |b LOM Ediciones,  |c 2006. 
300 |a 497 páginas. 
490 0 |a Colección Historia 
583 |a last modification  |c 20140403 09:47:18  |k Rodrigo Vera 
650 0 |a Trabajo social   |z Chile  |9 307856 
650 0 |a Políticas sociales  |z Chile  |9 358116 
650 0 |a Historia social  |z Chile  |9 313638 
942 |c BK  |2 ddc 
945 |d 20070518 00:00:00  |a jtorresc 
999 |c 325677  |d 325675 
952 |0 0  |1 0  |2 ddc  |4 0  |6 362_983000000000000_ILL_2006  |7 0  |8 A  |9 406918  |a BIBGIM  |b BIBGIM  |c RES  |d 2019-11-22  |i 433907K  |l 2  |o 362.983 ILL 2006  |p 433907K  |r 2025-01-15  |s 2023-03-29  |t 2  |w 2019-11-22  |y BK_R  |k SSL 
952 |0 0  |1 0  |2 ddc  |4 0  |6 362_983000000000000_ILL_2006  |7 0  |8 A  |9 406919  |a BIBGIM  |b BIBGIM  |c RES  |d 2019-11-22  |i 4339088  |o 362.983 ILL 2006  |p 4339088  |r 2025-01-15  |t 3  |w 2019-11-22  |y BK_R  |k SSL 
952 |0 0  |1 0  |2 ddc  |4 0  |6 362_983000000000000_ILL_2006  |7 0  |8 A  |9 406920  |a BIBGIM  |b BIBGIM  |c RES  |d 2019-11-22  |i 4554566  |l 1  |o 362.983 ILL 2006  |p 4554566  |r 2025-01-15  |s 2023-03-28  |t 4  |w 2019-11-22  |y BK_R  |k SSL 
952 |0 0  |1 0  |2 ddc  |4 0  |6 362_983000000000000_ILL_2006  |7 0  |8 A  |9 406921  |a BIBGIM  |b BIBGIM  |c RES  |d 2019-11-22  |i 4601033  |l 1  |o 362.983 ILL 2006  |p 4601033  |r 2025-01-15  |s 2023-03-27  |t 5  |w 2019-11-22  |y BK_R  |k SSL 
952 |0 0  |1 0  |2 ddc  |4 0  |6 362_983000000000000_ILL_2006  |7 0  |8 A  |9 406922  |a BIBHIS  |b BIBHIS  |d 2019-11-22  |i 4746449  |o 362.983 ILL 2006  |p 4746449  |r 2023-01-25  |t 1  |w 2019-11-22  |y BK  |k HIS 
952 |0 0  |1 0  |2 ddc  |4 0  |6 362_983000000000000_ILL_2006  |7 0  |8 A  |9 587421  |a BIBHIS  |b BIBHIS  |c GEN  |d 2022-10-20  |e 3  |g 22750.00  |i 5655318  |l 1  |o 362.983 ILL 2006  |p 5655318  |r 2025-01-20  |s 2022-11-15  |t 6  |v 22750.00  |w 2022-10-20  |y BK  |k HIS 
952 |0 0  |1 0  |2 ddc  |4 0  |6 362_983000000000000_ILL_2006  |7 0  |8 A  |9 588533  |a BIBGIM  |b BIBGIM  |c RES  |d 2023-01-06  |e 3  |g 21273.00  |i 5656313  |o 362.983 ILL 2006  |p 5656313  |r 2025-01-15  |t 7  |v 21273.00  |w 2023-01-06  |y BK_R  |k SSL